| 000 | 00474nam a2200157Ia 4500 | ||
|---|---|---|---|
| 008 | 230921s9999||||xx |||||||||||||| ||und|| | ||
| 020 | _a978-3-319-13641-7 | ||
| 041 | _aEN | ||
| 100 | _aSteen Pedersen | ||
| 245 | 0 | _aFrom Calculus to Analysis | |
| 250 | _a2015 | ||
| 260 |
_c2015 _bSpringer International Publishing |
||
| 856 | _uhttps://doi.org/10.1007/978-3-319-13641-7 | ||
| 856 | _uhttps://link.springer.com/openurl?genre=book&isbn=978-3-319-13641-7 | ||
| 942 | _cEB | ||
| 999 |
_c283472 _d283472 |
||